logo

Bir Sreshtho Munshi Abdur Rouf Library
Jhenaidah Cadet College

হেমিংওয়ে ফ্রষ্ট ফকনার / (Record no. 9155)

MARC details
000 -LEADER
fixed length control field 00739nam a22002177a 4500
001 - CONTROL NUMBER
JCCL Control Number 9155
003 - CONTROL NUMBER IDENTIFIER
JCCL marc code BD-JhCC
005 - DATE AND TIME OF LATEST TRANSACTION
control field 20180310112413.0
008 - FIXED-LENGTH DATA ELEMENTS--GENERAL INFORMATION
fixed length control field 180310b1369 bg ||||| |||| 00| 0 ben d
035 ## - SYSTEM CONTROL NUMBER
system control number (BD-JhCC)9155
040 ## - CATALOGING SOURCE
Original cataloging agency BD-JhCC
Modifying agency BD-JhCC
041 ## - LANGUAGE CODE
Language code of Book ben
082 ## - DEWEY DECIMAL CLASSIFICATION NUMBER
Classification number 920
Author mark and Year JAH 1369
100 ## - MAIN ENTRY--PERSONAL NAME
Personal name জাহাঙ্গীর, বোরহান উদ্দিন খান
245 ## - TITLE STATEMENT
Title হেমিংওয়ে ফ্রষ্ট ফকনার /
Statement of responsibility, etc বোরহান উদ্দিন খান জাহাঙ্গীর
260 ## - PUBLICATION, DISTRIBUTION, ETC. (IMPRINT)
Place of publication, distribution, etc ঢাকা:
Name of publisher, distributor, etc ষ্টুডেন্ট ওয়েজ, ঢাকা
Date of publication, distribution, etc 1369.
300 ## - PHYSICAL DESCRIPTION
Pagination 163 p. :
Dimensions 18 cm.
650 ## - SUBJECT ADDED ENTRY--TOPICAL TERM
Topical term or geographic name as entry element Biography
942 ## - ADDED ENTRY ELEMENTS (KOHA)
Source of classification or shelving scheme Dewey Decimal Classification
Koha item type Books
Holdings
Source of classification or shelving scheme Damaged status Not for loan Home library Current library Shelving location Date of accession Cost, normal purchase price Total Checkouts Full call number Barcode Date last seen Copy number Koha item type
Dewey Decimal Classification     JCC Rouf Library JCC Rouf Library General Stacks 03/10/2018 75.00   920 JAH 1369 12061 03/10/2018 C-1 Books

JCC Library | Contacts | JCC Home

Last Update on 23 September 2017
Copyright @ 2017-2020 JCC Rouf Library
Rouf Library, Jhenidah Cadet College (JCC), Bangladesh